| 000 | 02063nam a2200397Ia 4500 | ||
|---|---|---|---|
| 001 | 9780203067192 | ||
| 003 | BD-DhSAU | ||
| 005 | 20151012151720.0 | ||
| 006 | a|||||s||||||||||| | ||
| 007 | cr|||| | ||
| 008 | 130130s2013 enkad sb 001 0 eng d | ||
| 020 | _a9780203067192 (e-book : PDF) | ||
| 040 |
_aBD-DhSAU _cBD-DhSAU |
||
| 090 |
_aGE170 _b.Z53 2013 |
||
| 092 |
_a363.73874561 _bZ64 |
||
| 100 | 1 | _aZia, Asim. | |
| 245 | 1 | 0 |
_aPost-Kyoto climate governance _h[electronic resource] : _bconfronting the politics of scale, ideology, and knowledge / _cAsim Zia. |
| 260 |
_aAbingdon, Oxon : _bRoutledge, _c2013. |
||
| 300 |
_axix, 201 p. : _bill. |
||
| 490 | 1 |
_aRoutledge studies in ecological economics ; _v27 |
|
| 504 | _aIncludes bibliographical references (p. [167]-196) and index. | ||
| 505 | 0 | _a1. Introduction : post-Kyoto climate governance -- 2. The politics of scale I : temporal and spatial discounting -- 3. The politics of scale II : synergies and trade-offs in complex systems -- 4. The politics of ideology I : risk perceptions and psychology of denial -- 5. The politics of ideology II : communicating uncertain climate change risk -- 6. The politics of knowledge I : marketization of climate governance -- 7. The politics of knowledge II : accountability and adaptation -- 8. Governing environmental complexity. | |
| 530 | _aAlso available in print edition. | ||
| 538 | _aMode of access: World Wide Web. | ||
| 650 | 0 | _aEnvironmental policy. | |
| 650 | 0 |
_aClimate change mitigation _xGovernment policy. |
|
| 650 | 0 |
_aClimatic changes _xPolitical aspects. |
|
| 650 | 0 |
_aGreenhouse gases _xPolitical aspects. |
|
| 650 | 0 | _aGlobal temperature changes. | |
| 650 | 0 |
_aNature _xEffect of human beings on. |
|
| 630 | 0 | 0 |
_aUnited Nations Framework Convention on Climate Change _d(1992). _kProtocols, etc. _d1997 Dec. 11. |
| 655 | 7 |
_aElectronic books. _2lcsh |
|
| 776 | 1 | _z9780415601252 (hardback) | |
| 830 | 0 |
_aRoutledge studies in ecological economics ; _v27. |
|
| 856 | 4 | 0 | _uhttp://www.tandfebooks.com/isbn/9780203067192 |
| 999 |
_c12618 _d12617 |
||